| 000 | 00582nam a2200229Ia 4500 | ||
|---|---|---|---|
| 003 | OSt | ||
| 005 | 20221006164936.0 | ||
| 006 | a|||||r|||| 00| 0 | ||
| 007 | ta | ||
| 008 | 221006b |||||||| |||| 00| 0 eng d | ||
| 024 | _a3,036 | ||
| 037 | _cTextual | ||
| 040 |
_aFML _cFML _beng |
||
| 041 |
_2eng _aeng |
||
| 082 | _aR853, K4 | ||
| 100 |
_aSmith Colin Au. _9678726 |
||
| 245 | 0 | _aContemporary French Philosophy | |
| 260 |
_aLondon _bMethuen _c1964 |
||
| 300 |
_a266 _ccm. |
||
| 942 |
_hR853, K4 _cTEXL _2CC |
||
| 999 |
_c1119019 _d1119019 |
||